000 00967nam a2200289 a 4500
001 vtls001365778
003 NLI
005 20210627103744.0
008 120626s1956 ii f000 0 eng
039 9 _y201206261706
_zVLOAD
040 _aNLI
_beng
_cDatasoft_IOD_S
_eAACR2
041 0 _aeng
044 _a ii
082 0 4 _a 333.78[1]
110 1 _aIndia.
_bMinistry of food and agriculture
_9844072
245 1 0 _aProceedings of the 2nd meeting of the bird going of the Indian board for wild life held at Bombay March 14 and 15, 1956 /
_cMinistry of food and agriculture, Govt. of India
260 _aDelhi :
_bThe Department,
_c1956
300 _a24 p. ;
_c25 cm.
650 0 _aMonetary policy
650 0 _aBanks and banking
887 _a
901 _a36016 date
_b06.02.1964
_92nd, meeting
902 _aGP 333.78[1](54) In 2b w
949 _AVIRTUAITEM
_D10003
_X100
_6IOD000036016ENG
_92nd meeting.
942 _2ddc
_cBKS
999 _aVIRTUA40
_c822012
_d822012